000 01348nam a2200301 a 4500
003 BLK
005 20250218105902.0
008 180411b bul|||||r ||||||| ||bul||
040 _aBLK
041 _aBUL
_cBUL
080 _aНемска литература
_b821.112.2
_x-31
_z821.112.2-31
100 1 _aХесе, Херман
_eпърви автор
_9366442
139 _aХесе, Херман
245 1 0 _aИгра на стъклени перли
_bОпит за животопис на Magister Ludi Йозеф Кнехт заедно с неговите съчинения : [Роман]
_cХерман Хесе; прев. от нем. Недялка Попова; предг. от Вера Лалева Ганчева.
257 _aDEU
260 _aСофия
_bНар. култура
_c1980
300 _a552 с.
_c21 см
380 _aX
490 _aБиблиотека Избрани романи
_v10
500 _aОриг. загл. Das Glasperlenspel. - Авт. не е отбелязан на кор.
700 1 _aПопова, Недялка
_eпрев. от нем.
_9365795
700 1 _aГанчева, Вера Лалева
_951206
852 _aЦб 108260
_bЦб
942 _cKNG
_n0
_014
_s1
944 _aCR
_c05.12.2016
_k30530
_lМинев Младен
944 _aED
_c2022-12-08
999 _c188410
_d188410
999 _d188410